Countries by Initial Letter-Continent Combination - Statistics

General Stats
  • This quiz has been taken 221 times
  • The average score is 64 of 84
Answer Stats
Full Answer Answer % Correct
Algeria, Angola Algeria, Angola
98%
Albania, Andorra, Austria Albania, Andorra, Au..
94%
Egypt, Equatorial Guinea, Eritrea, Ethiopia Egypt, Equatorial Gu..
94%
Canada, Costa Rica, Cuba Canada, Costa Rica, ..
93%
Australia Australia
91%
Bolivia, Brazil Bolivia, Brazil
91%
Cameroon, Cape Verde, Central African Republic, Chad, Comoros, Côte d'Ivoire Cameroon, Cape Verde..
91%
Argentina Argentina
90%
Belarus, Belgium, Bosnia and Herzegovina, Bulgaria Belarus, Belgium, Bo..
90%
Finland, France Finland, France
90%
India, Indonesia, Iran, Iraq, Israel India, Indonesia, Ir..
90%
Chile, Colombia Chile, Colombia
89%
Haiti, Honduras Haiti, Honduras
89%
Bahamas, Barbados, Belize Bahamas, Barbados, B..
88%
Benin, Botswana, Burkina Faso, Burundi Benin, Botswana, Bur..
88%
Democratic Republic of the Congo, Djibouti Democratic Republic ..
88%
Denmark Denmark
88%
Gabon, Gambia, Ghana, Guinea, Guinea-Bissau Gabon, Gambia, Ghana..
87%
Oman Oman
87%
Afghanistan, Armenia, Azerbaijan Afghanistan, Armenia..
86%
Bahrain, Bangladesh, Bhutan, Brunei, Burma Bahrain, Bangladesh,..
86%
Cambodia, China, Cyprus Cambodia, China, Cyp..
86%
Antigua and Barbuda Antigua and Barbuda
85%
Germany, Greece Germany, Greece
85%
Iceland, Ireland, Italy Iceland, Ireland, It..
85%
Japan, Jordan Japan, Jordan
84%
Federated States of Micronesia, Fiji Federated States of ..
83%
Croatia, Czech Republic Croatia, Czech Repub..
82%
Paraguay, Peru Paraguay, Peru
82%
Nauru, New Zealand Nauru, New Zealand
81%
Qatar Qatar
81%
Dominica, Dominican Republic Dominica, Dominican ..
79%
Madagascar, Malawi, Mali, Mauritania, Mauritius, Morocco, Mozambique Madagascar, Malawi, ..
79%
San Marino, Serbia, Slovakia, Slovenia, Spain, Sweden, Switzerland San Marino, Serbia, ..
79%
Grenada, Guatemala Grenada, Guatemala
78%
Ecuador Ecuador
77%
Hungary Hungary
77%
Latvia, Liechtenstein, Lithuania, Luxembourg Latvia, Liechtenstei..
77%
Romania, Russia Romania, Russia
77%
Yemen Yemen
77%
Zambia, Zimbabwe Zambia, Zimbabwe
77%
Estonia Estonia
76%
Kazakhstan, Kuwait, Kyrgyzstan Kazakhstan, Kuwait, ..
76%
Palau, Papua New Guinea Palau, Papua New Gui..
76%
Republic of the Congo, Rwanda Republic of the Cong..
76%
Guyana Guyana
74%
Kiribati Kiribati
74%
Laos, Lebanon Laos, Lebanon
74%
Netherlands, Norway Netherlands, Norway
74%
Poland, Portugal Poland, Portugal
74%
Jamaica Jamaica
73%
São Tomé and Príncipe, Senegal, Seychelles, Sierra Leone, Somalia, South Africa, South Sudan, Sudan, Swaziland São Tomé and Príncip..
73%
Tanzania, Togo, Tunisia Tanzania, Togo, Tuni..
73%
Tonga, Tuvalu Tonga, Tuvalu
73%
Uruguay Uruguay
73%
Namibia, Niger, Nigeria Namibia, Niger, Nige..
72%
Saudi Arabia, Singapore, South Korea, Sri Lanka, Syria Saudi Arabia, Singap..
72%
United States United States
72%
Kenya Kenya
71%
Lesotho, Liberia, Libya Lesotho, Liberia, Li..
71%
Taiwan, Tajikistan, Thailand, Turkey, Turkmenistan Taiwan, Tajikistan, ..
71%
Ukraine, United Kingdom Ukraine, United King..
71%
Macedonia, Malta, Moldova, Monaco, Montenegro Macedonia, Malta, Mo..
70%
Nicaragua Nicaragua
69%
Panama Panama
69%
Venezuela Venezuela
69%
Suriname Suriname
68%
Malaysia, Maldives, Mongolia Malaysia, Maldives, ..
67%
Samoa, Solomon Islands Samoa, Solomon Islan..
65%
Vanuatu Vanuatu
65%
El Salvador El Salvador
64%
Mexico Mexico
64%
Vietnam Vietnam
64%
Pakistan, Philippines Pakistan, Philippine..
63%
Kosovo Kosovo
62%
United Arab Emirates, Uzbekistan United Arab Emirates..
62%
Vatican City Vatican City
61%
Nepal, North Korea Nepal, North Korea
60%
Uganda Uganda
60%
Marshall Islands Marshall Islands
56%
Saint Kitts and Nevis, Saint Lucia, Saint Vincent and the Grenadines Saint Kitts and Nevi..
56%
East Timor East Timor
50%
Georgia Georgia
47%
Trinidad and Tobago Trinidad and Tobago
46%
No matching quizzes found
Score Distribution
Percent of People with Each Score
Percentile by Number Answered
Your Score History
You have not taken this quiz